000
00225nam a22000857a 4500
008
160705b xxu||||| |||| 00| 0 eng d
100
_9
2093
_a
Jain, G
245
_a
Something Special
260
_a
New Delhi
_b
National Book Trust
_c
1989
999
_c
1788
_d
1788